000 00433nam a2200169 a 4500
001 0000-8866
003 ELIB.Books
008 110520 1962
035 _a(ELIB.Books)0000-9012
082 _aB
_bFis
100 _aFisher, Welthy Honsinger
245 _aTo Light a Candle
260 _bLondon: McGraw- Hill Book Comoany, Inc.
_c1962
650 _aBiography
942 _2ddc
_cBK
998 _cbat
_e2011-05-20
999 _c8866
_d8866